Ecologías del Aprendizaje. Educación expandida y contextos múltiples

Uloženo v:
Podrobná bibliografie
Hlavní autor: Martínez Rodríguez, Juan Bautista (compilador)
Další autoři: Fernández Rodríguez , Eduardo (compilador)
Médium: Neznámo
Jazyk:angličtina
Vydáno: Madrid, España. Morata, 2018
Témata:
Tagy: Přidat tag
Žádné tagy, Buďte první, kdo vytvoří štítek k tomuto záznamu!

MARC

LEADER 00000 a2200000 4500
003 CL-VaPUC
005 20210928130706.0
008 200922b ||||| |||| 00| 0 eng d
999 |c 431932  |d 431930 
020 |a 978-847-112-874-4 
040 |c Pontificia Universidad Católica de Valparaíso 
082 |a 370.72 MAR 2018 
100 |a Martínez Rodríguez, Juan Bautista  |e compilador  |9 857210 
245 |a Ecologías del Aprendizaje.  |b Educación expandida y contextos múltiples 
260 |a Madrid, España.  |b Morata,  |c 2018 
300 |a 300 páginas  
583 |k Cristina Rojas  |c 20200923 
650 0 |a Formación   |v Profesorado  |9 857217 
650 0 |a Educación expandida  |9 857220 
650 0 |a Actualización   |x Profesorado  |9 857218 
650 |a Educación   |x Uso de tecnologías   |9 857219 
700 |a Fernández Rodríguez , Eduardo  |e compilador   |9 814246 
852 |a BIBEDU 
942 |2 ddc  |c BK 
952 |0 0  |1 0  |2 ddc  |4 0  |6 370_720000000000000_MAR_2018  |7 0  |8 A  |9 576845  |a BIBEDU  |b BIBEDU  |c ES_NOD  |d 2020-11-06  |e 3  |g 19799.00  |i 5577055  |l 1  |o 370.72 MAR 2018  |p 5577055  |r 2023-08-09  |s 2022-09-06  |t 1  |v 19799.00  |w 2020-11-06  |y BK  |k EBA